000 00522nam a2200193Ia 4500
005 20250508154947.0
008 008 250505s9999 xx 000 0 eng d
037 _aTextual
040 _aFEDL
_beng
_cFEDL
041 _aeng
_2eng
084 _a370.9, COL
_qFEDL
100 _aColeman James S.
245 0 _aEducation and political development
260 _aNew Jersey, USA
_bPrinceton
_c1965
300 _axii,620p.
650 _aEducation
942 _cTEXL
_h370.9, COL
999 _c1353140
_d1353140